Classic Books by Emoji - Statistics

General Stats
  • This quiz has been taken 105 times
    41 since last reset
  • The average score is 5 of 15
Answer Stats
Hint Answer % Correct
⚔️➕🕊️ War and Peace
63%
🏝️👱‍♂️/ 🐋 Moby Dick
58%
🦁🧙‍♀️🚪 The Lion, the Witch, and the Wardrobe
58%
💰🏝️ Treasure Island
50%
🪓➕😓 Crime and Punishment
45%
👱‍♂️(👻🗣️👱‍♂️🗡️🤴) Hamlet
45%
🟥 🅰️ The Scarlet Letter
39%
🖼️👱‍♂️(👱‍♂️➡️👱‍♂️➕🖼️➡️👴) The Picture of Dorian Grey
34%
➡️🗡️🐦‍⬛ To Kill a Mockingbird
26%
👱‍♂️💍💍💍💍💍💍💍💍💍💍💍💍💍💍💍💍💍💍💍💍 Lord of the Rings
21%
❤️◼️ Heart of Darkness
16%
🏞️🚫(🐍👩‍🦳🍎) Paradise Lost
16%
🥰🗡️😋🗡️🤨🗡️(➕😏🗡️) The Three Musketeers
16%
🟥🌸 The Scarlet Pimpernel
8%
🤥➡️👱‍♂️➡️💌❤️👩‍🦳 Cyrano/Cyrano de Bergerac
3%
No matching quizzes found
Score Distribution
Percent of People with Each Score
Percentile by Number Answered
Your Score History
You have not taken this quiz since the last reset